000 00402nam a2200145Ia 4500
008 100122s9999 xx 000 0 und d
082 _b2390
_a822
100 _aअत्रे के अ
245 _aघराबाहेर
260 _bप्रकाशक शोधणे
_c1924
300 _a60
630 _aघराबाहेर
730 _aघराबाहेर
942 _cBOOK
999 _c396780
_d396777